000 01923pam a2200397 a 4500
001 1544497
003 ARRUPE
005 20150415171803.0
008 911031s1992 mnu b 000 0 eng
010 _a 91042384
020 _a0806625813 (alk. paper)
020 _a0806625805 (pbk.)
040 _aDLC
_cDLC
_dDLC
050 0 0 _aBT752
_b.S25 1992
082 0 0 _a234
_220
245 0 0 _aSalvation in Christ :
_ba Lutheran-Orthodox dialogue /
_cedited and with an introduction by John Meyendorff and Robert Tobias.
260 _aMinneapolis :
_bAugsburg,
_cc1992.
300 _a187 p. ;
_c22 cm.
500 _aMajor papers from the second round of Lutheran-Orthodox dialogue, begun in 1983, and sponsored by the Standing Conference of the Canonical Orthodox Bishops in the Americas, the Evangelical Lutheran Church in America, and the Lutheran Church-Missouri Synod. First round was held between 1967 and 1969.
504 _aIncludes bibliographical references (p. 171-183).
610 2 0 _aOrthodox Eastern Church
_xRelations
_xLutheran Church.
_916510
610 2 0 _aOrthodox Eastern Church
_xDoctrines.
_916511
650 0 _aSalvation.
_97896
650 0 _aJustification (Christian theology)
_916512
650 0 _aSanctification
_xLutheran Church.
_916513
650 0 _aSanctification
_xOrthodox Eastern Church.
_916514
650 0 _aTheological anthropology
_xChristianity
_916515
650 0 _aElection (Theology)
_916516
650 0 _aLutheran Church
_xRelations
_xOrthodox Eastern Church.
_916517
650 0 _aLutheran Church
_xDoctrines.
_916518
700 1 _aMeyendorff, John,
_d1926-1992.
_916519
_eed.
700 1 _aTobias, Robert,
_d1919-
_916520
_eed.
906 _a7
_bcbc
_corignew
_d1
_eocip
_f19
_gy-gencatlg
942 _2lcc
_cMONOGRAPH
999 _c122485
_d122485